The noble scholar, jurist, historian


 His Excellency Dr. Abdul Wahhab bin Ibrahim Abu Sulaiman, may Allah have mercy on him.


 He was born in Umm Al-Qura in the year 1356 AH.

الفتاوى الولوالجية / (Record no. 3077)

MARC details
000 -LEADER
fixed length control field 02141cam a2200289 i 4500
003 - CONTROL NUMBER IDENTIFIER
control field SA-RiAUC
005 - DATE AND TIME OF LATEST TRANSACTION
control field 20241207094407.0
008 - FIXED-LENGTH DATA ELEMENTS--GENERAL INFORMATION
fixed length control field 241205s2003 le g 00000 ara c
020 ## - INTERNATIONAL STANDARD BOOK NUMBER
International Standard Book Number 2745134825
040 ## - CATALOGING SOURCE
Original cataloging agency SA-RiAUC
Language of cataloging ara
Transcribing agency SA-RiAUC
Description conventions rda
082 04 - DEWEY DECIMAL CLASSIFICATION NUMBER
Classification number 259
Assigning agency SA-RiAUC
090 ## - LOCALLY ASSIGNED LC-TYPE CALL NUMBER (OCLC); LOCAL CALL NUMBER (RLIN)
Classification number (OCLC) (R) ; Classification number, CALL (RLIN) (NR) 259
Local cutter number (OCLC) ; Book number/undivided call number, CALL (RLIN) و ل و
100 1# - MAIN ENTRY--PERSONAL NAME
Personal name الولوالجي، عبد الرشيد بن أبي حنيفة بن عبد الرزاق،
Dates associated with a name 467-بعد 540 هجري
Relator term مؤلف.
245 12 - TITLE STATEMENT
Title الفتاوى الولوالجية /
Statement of responsibility, etc. أبو الفتح ظهير الدين عبد الرشيد بن أبو حنيفة بن عبد الرزاق الولوالجي ؛ حققه وعلق عليه مقداد بن موسى فريوي ؛ قدمه خليل الميس.
250 ## - EDITION STATEMENT
Edition statement الطبعة الأولى.
264 #1 - PRODUCTION, PUBLICATION, DISTRIBUTION, MANUFACTURE, AND COPYRIGHT NOTICE
Place of production, publication, distribution, manufacture بيروت :
Name of producer, publisher, distributor, manufacturer دار الكتب العلمية،
Date of production, publication, distribution, manufacture, or copyright notice 2003
300 ## - PHYSICAL DESCRIPTION
Extent 5 مجلد ؛
Dimensions 24 سم
336 ## - CONTENT TYPE
Content type term نص
Content type code txt
Source rdacontent
Materials specified كتاب
337 ## - MEDIA TYPE
Media type term بدون وسيط
Media type code n
Source rdamedia
338 ## - CARRIER TYPE
Carrier type term مجلد
Carrier type code nc
Source rdacarrier
505 0# - FORMATTED CONTENTS NOTE
Formatted contents note المحتويات : مجلد 1. الطهارة-السجدات-الزكاة-الصوم-الحج-النكاح- مجلد 2. الطلاق-العتاق-الأيمان-الحدود-السرقة-السير-الكراهية والاستحسان-التحري-اللقيط واللقطة-الآبق-المفقود-الغصب- مجلد 3. الوديعة-العارية-الشركة-الصيد والذبائح والأضحية-الوقف-الهبة-البيوع-الشفعة-القسمة-الإجارة- مجلد 4. القضاء-الشهادات-الدعوى-الإقرار-الوكالة-الكفالة والحوالة- مجلد 5. الصلح-الرهن-المضاربة-المزارعة-الشرب-الأشربة-الإكراه-المأذون-الديات-الوصايا-الفرائض-الألفاظ المكفرة-الحيل-المسائل المتفرقة.
650 #7 - SUBJECT ADDED ENTRY--TOPICAL TERM
Topical term or geographic name entry element الفقه الإسلامي
Source of heading or term aucsh
700 1# - ADDED ENTRY--PERSONAL NAME
Personal name فريوي، مقداد بن موسى
Relator term محقق.
700 1# - ADDED ENTRY--PERSONAL NAME
Personal name الميس، خليل محيي الدين،
Dates associated with a name 1941-
Relator term مقدم.
942 ## - ADDED ENTRY ELEMENTS (KOHA)
Source of classification or shelving scheme Dewey Decimal Classification
Koha item type Books
Suppress in OPAC No
949 ## - LOCAL PROCESSING INFORMATION (OCLC)
a SA-JeALM
d 241205
u osman123
n 1
Holdings
Withdrawn status Lost status Source of classification or shelving scheme Materials specified (bound volume or other part) Damaged status Not for loan Home library Current library Date acquired Total checkouts Full call number Barcode Date last seen Price effective from Koha item type
    Dewey Decimal Classification المجلد الاول     DR AbdElwahab Library DR AbdElwahab Library 12/07/2024   259 و ل و 000004968 12/07/2024 12/07/2024 Books
    Dewey Decimal Classification المجلد الثاني     DR AbdElwahab Library DR AbdElwahab Library 12/07/2024   259 و ل و 000004969 12/07/2024 12/07/2024 Books
    Dewey Decimal Classification المجلد الثالث     DR AbdElwahab Library DR AbdElwahab Library 12/07/2024   259 و ل و 000004970 12/07/2024 12/07/2024 Books
    Dewey Decimal Classification المجلد الرابع     DR AbdElwahab Library DR AbdElwahab Library 12/07/2024   259 و ل و 000004971 12/07/2024 12/07/2024 Books
    Dewey Decimal Classification المجلد الخامس     DR AbdElwahab Library DR AbdElwahab Library 12/07/2024   259 و ل و 000004972 12/07/2024 12/07/2024 Books